<?xml version="1.0" encoding="UTF-8"?>
<record
    xmlns:xsi="http://www.w3.org/2001/XMLSchema-instance"
    xsi:schemaLocation="http://www.loc.gov/MARC21/slim http://www.loc.gov/standards/marcxml/schema/MARC21slim.xsd"
    xmlns="http://www.loc.gov/MARC21/slim">

  <leader>01236nam a2200277 a 4500</leader>
  <controlfield tag="001">74189</controlfield>
  <controlfield tag="003">BD-RjUL</controlfield>
  <controlfield tag="005">20211209082517.0</controlfield>
  <controlfield tag="008">180319s2009    bg ||||| |||| 000 0 ben d</controlfield>
  <datafield tag="020" ind1=" " ind2=" ">
    <subfield code="a">9789843303585</subfield>
    <subfield code="c">Tk.120.00</subfield>
  </datafield>
  <datafield tag="035" ind1=" " ind2=" ">
    <subfield code="a">(BD-RjUL)74407</subfield>
  </datafield>
  <datafield tag="040" ind1=" " ind2=" ">
    <subfield code="a">BD-RjUL</subfield>
    <subfield code="b">eng</subfield>
    <subfield code="c">BD-RjUL</subfield>
  </datafield>
  <datafield tag="041" ind1=" " ind2=" ">
    <subfield code="a">ben</subfield>
  </datafield>
  <datafield tag="082" ind1=" " ind2=" ">
    <subfield code="2">23</subfield>
    <subfield code="a">297.24</subfield>
    <subfield code="b">SAK 2007</subfield>
  </datafield>
  <datafield tag="100" ind1="1" ind2=" ">
    <subfield code="a">&#x9B8;&#x9BE;&#x9A6;&#x9B0;, &#x9B8;&#x9BE;&#x987;&#x9AF;&#x9BC;&#x9CD;&#x9AF;&#x9C7;&#x9A6; &#x9B8;&#x9BE;&#x9A6;&#x9B0;&#x9C1;&#x9A6;&#x9CD;&#x9A6;&#x9C0;&#x9A8;</subfield>
    <subfield code="9">220151</subfield>
  </datafield>
  <datafield tag="245" ind1="1" ind2="0">
    <subfield code="a">&#x995;&#x9C7; &#x987;&#x9AE;&#x9BE;&#x9AE; &#x9AE;&#x9BE;&#x9B9;&#x9A6;&#x9C0; ? /</subfield>
    <subfield code="c">&#x9B8;&#x9BE;&#x987;&#x9AF;&#x9BC;&#x9CD;&#x9AF;&#x9C7;&#x9A6; &#x9B8;&#x9A6;&#x9B0;&#x9C1;&#x9A6;&#x9CD;&#x9A6;&#x9C0;&#x9A8; &#x986;&#x9B2; &#x9B8;&#x9BE;&#x9A6;&#x9B0; ; &#x9B8;&#x9AE;&#x9CD;&#x9AA;&#x9BE;&#x9A6;&#x9A8;&#x9BE;, &#x98F;.&#x995;&#x9C7;.&#x98F;&#x9AE;. &#x9B0;&#x9BE;&#x9B6;&#x9BF;&#x9A6;&#x9C1;&#x99C;&#x9CD;&#x99C;&#x9BE;&#x9AE;&#x9BE;&#x9A8; ; &#x985;&#x9A8;&#x9C1;&#x9AC;&#x9BE;&#x9A6;, &#x9AE;&#x9C1;&#x9B9;&#x9BE;&#x9AE;&#x9CD;&#x9AE;&#x9BE;&#x9A6; &#x98F;&#x9B0;&#x9AB;&#x9BE;&#x9A8;&#x9C1;&#x9B2; &#x9B9;&#x995;</subfield>
  </datafield>
  <datafield tag="260" ind1=" " ind2=" ">
    <subfield code="a">&#x9A2;&#x9BE;&#x995;&#x9BE; :</subfield>
    <subfield code="b">&#x993;&#x9AF;&#x9BC;&#x9BE;&#x987;&#x99C;&#x9AE;&#x9CD;&#x9AF;&#x9BE;&#x9A8; &#x9AA;&#x9BE;&#x9AC;,</subfield>
    <subfield code="c">&#x9E8;&#x9E6;&#x9E6;&#x9EF;</subfield>
  </datafield>
  <datafield tag="300" ind1=" " ind2=" ">
    <subfield code="a">&#x9E8;&#x9E8;&#x9E7; &#x9AA;&#x9C3;. ;</subfield>
    <subfield code="c">22 &#x9B8;&#x9C7;&#x9AE;&#x9BF;.</subfield>
  </datafield>
  <datafield tag="600" ind1=" " ind2=" ">
    <subfield code="a">&#x9AE;&#x9BE;&#x9B9;&#x9A6;&#x9C0;, &#x987;&#x9AE;&#x9BE;&#x9AE; </subfield>
    <subfield code="9">220663</subfield>
  </datafield>
  <datafield tag="600" ind1=" " ind2=" ">
    <subfield code="a">Mahdi, Imam</subfield>
    <subfield code="9">220664</subfield>
  </datafield>
  <datafield tag="650" ind1=" " ind2=" ">
    <subfield code="a">&#x987;&#x9B8;&#x9B2;&#x9BE;&#x9AE;</subfield>
    <subfield code="9">220657</subfield>
  </datafield>
  <datafield tag="650" ind1=" " ind2=" ">
    <subfield code="a">Islam</subfield>
    <subfield code="9">220658</subfield>
  </datafield>
  <datafield tag="700" ind1=" " ind2=" ">
    <subfield code="a">&#x9B0;&#x9BE;&#x9B6;&#x9BF;&#x9A6;&#x9C1;&#x99C;&#x9CD;&#x99C;&#x9BE;&#x9AE;&#x9BE;&#x9A8;, &#x98F;.&#x995;&#x9C7;.&#x98F;&#x9AE;. </subfield>
    <subfield code="9">220659</subfield>
  </datafield>
  <datafield tag="700" ind1=" " ind2=" ">
    <subfield code="a">&#x9B9;&#x995;, &#x9AE;&#x9C1;&#x9B9;&#x9BE;&#x9AE;&#x9CD;&#x9AE;&#x9BE;&#x9A6; &#x98F;&#x9B0;&#x9AB;&#x9BE;&#x9A8;&#x9C1;&#x9B2; </subfield>
    <subfield code="9">220660</subfield>
  </datafield>
  <datafield tag="942" ind1=" " ind2=" ">
    <subfield code="2">ddc</subfield>
    <subfield code="c">BK</subfield>
  </datafield>
  <datafield tag="999" ind1=" " ind2=" ">
    <subfield code="c">74189</subfield>
    <subfield code="d">74189</subfield>
  </datafield>
  <datafield tag="952" ind1=" " ind2=" ">
    <subfield code="0">0</subfield>
    <subfield code="1">0</subfield>
    <subfield code="2">ddc</subfield>
    <subfield code="4">0</subfield>
    <subfield code="7">1</subfield>
    <subfield code="8">NFIC</subfield>
    <subfield code="a">RUCL</subfield>
    <subfield code="b">RUCL</subfield>
    <subfield code="c">Reading</subfield>
    <subfield code="d">2017-05-09</subfield>
    <subfield code="e">Dhaka Iran Embassy</subfield>
    <subfield code="g">120.00</subfield>
    <subfield code="l">0</subfield>
    <subfield code="o">B 297.24 SAK 2007</subfield>
    <subfield code="r">2018-03-19 00:00:00</subfield>
    <subfield code="t">C-1</subfield>
    <subfield code="w">2018-03-19</subfield>
    <subfield code="y">BK</subfield>
  </datafield>
</record>
